Statistics for Closest Capital Cities to Major Circles of Latitude

Click here to take the quiz!

General Stats

  • This quiz has been taken 86 times
  • The average score is 24 of 40

Answer Stats

ANSWER% Correct
Moscow
97%
Oslo
97%
Helsinki
94%
Stockholm
94%
Wellington
90%
Quito
87%
Canberra
86%
Reykjavik
86%
Buenos Aires
84%
Copenhagen
84%
Riga
84%
Montevideo
83%
Santiago
81%
Tallinn
75%
Nairobi
74%
Pretoria
71%
Singapore
62%
Maputo
58%
Maputo
58%
Windhoek
58%
Kampala
55%
Riyadh
55%
Asuncion
54%
Mbabane
49%
Mbabane
49%
Libreville
48%
Doha
46%
Gaborone
46%
Havana
45%
Sao Tome
45%
Maseru
43%
Nassau
43%
Abu Dhabi
42%
Muscat
42%
Dhaka
33%
Taipei
32%
Nuku'alofa
29%
Port Louis
26%
Tarawa
26%
Yaren
22%

Score Distribution

Percentile by Number Answered

Percent of People with Each Score

Your Score History

You have not taken this quiz